High School Musical - Everyday Lyrics - Statistics

General Stats
  • This quiz has been taken 747 times
  • The average score is 251 of 325
Answer Stats
Answer % Correct
ever
97%
a
96%
every
95%
on
95%
the
95%
you
95%
day
94%
I
94%
we
94%
and
93%
our
93%
of
92%
there
92%
no
90%
be
88%
hold
88%
life
88%
lives
88%
where
88%
me
87%
when
87%
find
85%
it
85%
that
85%
tight
85%
we're
85%
in
84%
while
84%
gonna
83%
keep
82%
to
82%
chance
81%
once
81%
wanna
81%
young
81%
can
80%
run
80%
second
80%
forever
79%
last
79%
lifetime
79%
believe
78%
oh
78%
there's
78%
my
77%
faith
76%
make
76%
mean
76%
now
76%
should
76%
right
75%
from
74%
so
74%
take
73%
it's
72%
means
72%
never
72%
hand
71%
have
71%
together
71%
out
70%
really
70%
all
69%
because
69%
celebrate
69%
scream
69%
at
68%
grab
67%
loud
67%
voices
67%
will
67%
back
66%
I'm
66%
this
66%
get
65%
use
65%
loving
64%
what
64%
give
61%
turn
60%
follow
58%
moment's
58%
say
58%
young
58%
are
57%
they
57%
lose
55%
dream
54%
does
53%
got
51%
but
50%
chase
50%
if
50%
yeah
50%
yourself
48%
start
46%
going
45%
lost
45%
down
42%
matter
42%
cause
39%
hearts
39%
I've
39%
listen
39%
more
38%
not
37%
starts
36%
like
34%
than
34%
better
33%
stronger
32%
choose
31%
how
31%
strength
31%
taking
31%
here
28%
doing
27%
ooh
25%
that's
23%
na-na
9%
saying
7%
No matching quizzes found
Score Distribution
Percent of People with Each Score
Percentile by Number Answered
Your Score History
You have not taken this quiz